Pays du monde écris à l'envers - Statistiques

Statistiques générales
  • Ce quiz a été pris 77 fois
  • Le résultat moyen est 53 sur 196
Réponses sur la Carte
Les réponses sont colorées sur une échelle allant du rouge au vert en fonction du pourcentage des utilisateurs qui les ont devinées à leur premier essai. Vous pouvez retrouver ces pourcentages ci-dessous.
 
Statistiques - réponses
Pays % Correct
ecnarF
77%
adanaC
72%
sinU-statÉ
72%
eissuR
66%
enihC
55%
engapsE
52%
euqixeM
52%
lisérB
48%
eilatI
47%
abuC
44%
ilihC
44%
ednI
42%
engamellA
42%
lagutroP
42%
edèuS
41%
ednalsI
41%
kramenaD
41%
ognoC ud euqitarcoméD euqilbupéR
41%
coraM
39%
ecèrG
39%
ednalniF
39%
ednalrI
39%
eiréglA
39%
egèvroN
38%
eilartsuA
38%
enitnegrA
38%
essiuS
38%
ognoC ud euqilbupéR
38%
eilognoM
36%
eniarkU
36%
inU-emuayoR
36%
nopaJ
36%
ehcirtuA
34%
etpygÉ
34%
euqigleB
34%
karI
34%
narI
34%
soaL
34%
uoréP
34%
duS ud eéroC
33%
ednaléZ-ellevuoN
33%
eisinuT
33%
eitaorC
33%
engoloP
33%
eybiL
33%
ilaM
33%
lëarsI
33%
amanaP
31%
eibmoloC
31%
eigroéG
31%
einémrA
31%
einotsE
31%
eiuqruT
31%
eiviloB
31%
etlaM
31%
itïaH
31%
ninéB
31%
saB-syaP
31%
droN ud eéroC
30%
eéniuG
30%
eibmaZ
30%
eissuroléiB
30%
erpyhC
30%
euqïamaJ
30%
ezileB
30%
nabiL
30%
ogoT
30%
sarudnoH
30%
treV-paC
30%
yaugurU
30%
aleuzeneV
28%
alognA
28%
duS ud euqirfA
28%
eibimaN
28%
eibreS
28%
einablA
28%
einautiL
28%
einotteL
28%
eiragluB
28%
eirgnoH
28%
eisénodnI
28%
naduoS
28%
neméY
28%
nuoremaC
28%
ruetauqÉ
28%
samahaB
28%
seromoC
28%
dahcT
27%
eilamoS
27%
einamriB
27%
einamuoR
27%
einévolS
27%
eiryS
27%
emaniruS
27%
ituobijD
27%
lagénéS
27%
lapéN
27%
namO
27%
racsagadaM
27%
rataQ
27%
sinU sebarA starimÉ
27%
yaugaraP
27%
aciR atsoC
25%
anahG
25%
anawstoB
25%
anayuG
25%
ayneK
25%
duS ud naduoS
25%
eciruaM
25%
ednalïahT
25%
egdobmaC
25%
eipoihtÉ
25%
eisialaM
25%
eiuqavolS
25%
eivadloM
25%
enivogézreH-einsoB
25%
euqèhcT euqilbupéR
25%
natsikaP
25%
nawïaT
25%
nobaG
25%
ohtoseL
25%
regiN
25%
airegiN
23%
einadroJ
23%
einaznaT
23%
hsedalgnaB
23%
ijdiF
23%
iwalaM
23%
maN têiV
23%
natsinahgfA
23%
natuohB
23%
agnoT
22%
alametauG
22%
droN ud eniodécaM
22%
eibmaG
22%
einatiruaM
22%
errodnA
22%
ewbabmiZ
22%
gruobmexuL
22%
idnuruB
22%
initawsE
22%
ovosoK
22%
soalaP
22%
uruaN
22%
adnaguO
20%
airebiL
20%
aomaS
20%
eérhtyrÉ
20%
euqibmazoM
20%
ocanoM
20%
orgénétnoM
20%
osaF anikruB
20%
rodavlaS
20%
adnawR
19%
epicnirP-te-émoT oaS
19%
etiduoas eibarA
19%
euqinimoD
19%
itabiriK
19%
natsikébzuO
19%
uassiB-eéniuG
19%
ulavuT
19%
aknaL irS
17%
augaraciN
17%
eisénorciM ed sérédéF statÉ
17%
ienurB
17%
nacitaV
17%
najdïabrezA
17%
natsinémkruT
17%
sellehcyeS
17%
senippilihP
17%
utaunaV
17%
edanerG
16%
natshkazaK
16%
nïerhaB
16%
nomolaS selÎ
16%
sevidlaM
16%
edabraB
14%
eéniuG-ellevuoN-eisauopaP
14%
eriovI'd etôC
14%
llahsraM selÎ
14%
natsikijdaT
14%
niraM-tniaS
14%
tïewoK
14%
eniacirfartneC euqilbupéR
13%
natsizihgriK
13%
ruopagniS
13%
eniacinimoD euqilbupéR
11%
nietsnethceiL
11%
adubrab-te-augitnA
9%
enoeL arreiS
9%
ogaboT-te-étinirT
9%
eicuL-etniaS
8%
senidanerG-sel-te-tnecniV-tniaS
8%
sèvéiN-te-ehpotsirhC tniaS
8%
latneirO romiT
6%
elairotauqÉ eéniuG
3%
Aucun quiz correspondant
Distribution des résultats
% des personnes avec chaque résultat
Percentile par nombre de réponses
Votre historique - résultats
Vous n’avez pas pris ce quiz